000 00620nam a22002172 4500
001 0000001749
005 20151217155201.0
008 070326s xx 000 0 eng d
020 _cKES 2,130
040 _aKABU
_cKABU
050 0 _aHD31
_b.M66 1993
100 1 _aMookerjee, S. S.
_@0000150750
245 1 0 _aTheory and practice of management /
_cS. S. Mookerjee.
250 _arev. ed.
260 _aDelhi :
_bSurjeet Publications,
_c1993.
300 _axii, 440 p. ;
_c22 cm.
650 0 _aManagement.
_@0000083920
908 _a070326
950 _@1
999 _c11846
_d11846